| 000 | 00704nam a22001577a 4500 | ||
|---|---|---|---|
| 003 | OSt | ||
| 005 | 20150918102025.0 | ||
| 008 | 150918b xxu||||| |||| 00| 0 eng d | ||
| 040 | _cRUA | ||
| 082 | _aAGR ORN 2005 B032 Or.1 | ||
| 100 |
_9736 _aORN, CHHOURN. |
||
| 245 | _aStudy of the effect of diferent pruning methods on fruit growth and yield of watermelon, (ការសិក្សាអំពីឥទ្ធិពលនៃការកាត់សរីរាង្គផ្សេងៗគ្នាទៅលើការលូតលាស់ផ្លែនិងទិន្នផលដំណាំឪឡឺក) | ||
| 260 |
_aPhnom Penh _bRUA _c2005 |
||
| 300 |
_aix, 64p. _bill. _c29cm. |
||
| 942 |
_2ddc _cAGR |
||
| 999 |
_c707 _d707 |
||